<?xml version="1.0" encoding="UTF-8"?>
<collection xmlns="http://www.loc.gov/MARC21/slim">
 <record>
  <leader>01564nas a22002174a 4500</leader>
  <controlfield tag="001">1/51056</controlfield>
  <controlfield tag="008">041202c19949999lu mn0p d    i0   g0gre d</controlfield>
  <datafield tag="022" ind1="0" ind2=" ">
   <subfield code="a">1606-2248</subfield>
  </datafield>
  <datafield tag="035" ind1=" " ind2=" ">
   <subfield code="l">25782</subfield>
  </datafield>
  <datafield tag="110" ind1="2" ind2=" ">
   <subfield code="a">Ευρωπαϊκή Επιτροπή</subfield>
   <subfield code="b">Γενική Διεύθυνση Διεύρυνσης.</subfield>
  </datafield>
  <datafield tag="245" ind1="1" ind2="0">
   <subfield code="a">Δελτίο της Ευρωπαϊκής Ένωσης</subfield>
  </datafield>
  <datafield tag="260" ind1="0" ind2=" ">
   <subfield code="a">Βρυξέλλες :</subfield>
   <subfield code="b">Ευρωπαϊκή Επιτροπή : Γενική γραμματεία,</subfield>
   <subfield code="c">1994-</subfield>
  </datafield>
  <datafield tag="300" ind1=" " ind2=" ">
   <subfield code="a">τ. ;</subfield>
   <subfield code="b">25 εκ.</subfield>
  </datafield>
  <datafield tag="310" ind1=" " ind2=" ">
   <subfield code="a">Μηνιαίο</subfield>
  </datafield>
  <datafield tag="362" ind1="0" ind2=" ">
   <subfield code="a">Τχ. 1/2 (1994)-</subfield>
  </datafield>
  <datafield tag="505" ind1="0" ind2=" ">
   <subfield code="a">Ανθρώπινα Δικαιώματα. Κοινοτικός οικονομικός και κοινωνικός χώρος. Ιθαγένεια και ποιότητα ζωής. Διεύρυνση. Ο ρόλος της Ένωσης στον Κόσμο. Χρηματοδότηση των Κοινοτικών δραστηριοτήτων, διαχείριση των πόρων, προστασία των οικονομικών συμφερόντων. Πληροφόρηση και επικοινωνία. Κοινοτικό Δίκαιο. Θεσμικά όργανα και οργανισμοί.</subfield>
  </datafield>
  <datafield tag="546" ind1=" " ind2=" ">
   <subfield code="a">Ελληνική</subfield>
  </datafield>
  <datafield tag="785" ind1="1" ind2="0">
   <subfield code="t">Δελτίο των Ευρωπαϊκών Κοινοτήτων</subfield>
   <subfield code="x">0250-992X</subfield>
  </datafield>
  <datafield tag="856" ind1="4" ind2="1">
   <subfield code="u">http://europa.eu/bulletin/el/bullset.htm</subfield>
  </datafield>
  <datafield tag="950" ind1=" " ind2=" ">
   <subfield code="c">ΕΥΡΩΠΑΪΚΗ ΚΟΙΝΩΝΙΑ, ΠΟΛΙΤΙΚΗ, ΕΚΦΡΑΣΗ</subfield>
   <subfield code="d">908</subfield>
  </datafield>
  <datafield tag="951" ind1=" " ind2=" ">
   <subfield code="a">Νο. 7/8  (2004)</subfield>
   <subfield code="b">Main run</subfield>
  </datafield>
 </record>
</collection>
